000 00519nam a22001937a 4500
003 Ost
005 20260312040823.0
008 260312b |||||||| |||| 00| 0 eng d
020 _a9789355427717
040 _cBT-PhCST
050 _a25725-25726
082 _222
_a005.8
_bRAY
100 _a Ray, Jimmy.
245 _aPolicy as code :
_bimproving cloud native security /
260 _aIndia :
_bO'Reilly Media,
_cc2024.
300 _axvii, 535 p. :
_bill. ;
_c23 cm.
500 _aIncludes index.
942 _2ddc
_cSE
999 _c10184
_d10184